Quick Pick: Delawareans Quiz Stats

 Plays Quiz not verified by Sporcle

Score 0/10 Timer 01:00
0 Plays Today
% Correct
Henry Heimlich
90.2%
Elisabeth Shue
82.9%
Valerie Bertinelli
81.7%
Judge Reinhold
80.5%
Teri Polo
68.7%
Beau Biden
58.9%
Paul Goldschmidt
57.7%
William Henry Forwood
43.9%
Thomas Holcomb
39.4%
Howard Pyle
32.9%

You're not logged in!

Compare scores with friends on all Sporcle quizzes.
OR
Log In

You Might Also Like...

Show Comments

Extras

Top Quizzes Today


Score Distribution

Your Account Isn't Verified!

In order to create a playlist on Sporcle, you need to verify the email address you used during registration. Go to your Sporcle Settings to finish the process.

Report this User

Report this user for behavior that violates our Community Guidelines.

Details: